| 000 | 00433nam a22001337a 4500 | ||
|---|---|---|---|
| 008 | 230220b |||||||| |||| 00| 0 eng d | ||
| 040 |
_aNational Science Library _cNational Science Library |
||
| 080 |
_aD 002.54(41.4) _bL7 |
||
| 245 |
_aUKCIS; _bUnited Kingdom Chemical Information Services _c/ The University, Nottingham |
||
| 260 |
_aLondon: _bBurlington House, _c1977 |
||
| 650 | _aScience | ||
| 653 | _aChemical | ||
| 942 |
_2udc _cREP |
||
| 999 |
_c2234 _d2234 |
||